The gramscian moment: (Record no. 178530)

MARC details
000 -LEADER
fixed length control field 00676nam a22001937a 4500
005 - DATE AND TIME OF LATEST TRANSACTION
control field 20210405170730.0
010 ## - LCCN (DPL NO)
LC control number B-738730
020 ## - INTERNATIONAL STANDARD BOOK NUMBER
International Standard Book Number 9789350022122
Terms of availability 495.00
035 ## - SYSTEM CONTROL NUMBER
System control number B-738730
037 ## - SOURCE OF ACQUISITION
Source of stock number/acquisition Gift
082 ## - DEWEY DECIMAL CLASSIFICATION NUMBER
Classification number 335.43092
100 ## - MAIN ENTRY--PERSONAL NAME
Personal name Thomas, Peter D.
245 ## - TITLE STATEMENT
Title The gramscian moment:
Remainder of title philosophy, hegemony and marxism /
Statement of responsibility, etc by Peter D. Thomas
260 ## - PUBLICATION, DISTRIBUTION, ETC. (IMPRINT)
Name of publisher, distributor, etc Aakar Books
Date of publication, distribution, etc 2013
Place of publication, distribution, etc Delhi
270 ## - ADDRESS
Address 28 E Pocket IV, Mayur Vihar, Phase I
City Delhi
Postal code 110091
300 ## - PHYSICAL DESCRIPTION
Extent xxv, 477p.
Dimensions 24cm(pbk)
942 ## - ADDED ENTRY ELEMENTS (KOHA)
Source of classification or shelving scheme Dewey Decimal Classification
Item type English Books
Classification part 335.43092
Call number suffix THO
Holdings
Withdrawn status Lost status Not for loan Collection code Home library Current library Date acquired Source of acquisition Cost, normal purchase price Full call number Barcode Copy number Cost, replacement price Koha item type
      Non-fiction Central Library Central Library 05/04/2021 Gift/Eng/26-02-2021 495.00 335.43092 THO B-738730 1 495.00 English Books

© Delhi Public Library
Hit Counter
free hit counter